Die nördlichsten Mittelstädte Deutschlands A bis Z - Statistiken

Allgemein
  • Dieses Quiz wurde 47 mal gespielt
  • Das Durchschnittsergebnis liegt bei 15 aus 25
Antwortstatistiken
Buchstabe Hinweis Antwort % Korrekt
F nördlichste Mittelstadt Deutschlands Flensburg
98%
G Universitätsstadt in Vorpommern Greifswald
90%
X am Niederrhein Xanten
90%
C nördlichste Stadt Niedersachsens Cuxhaven
86%
D grenzt an Bremen Delmenhorst
86%
L zwei Antworten möglich, beide in Niedersachsen Leer und Lüneburg
83%
W Hafenstadt in Mecklenburg Wismar
79%
P grenzt an Hamburg Pinneberg
74%
H in Nordfriesland Husum
71%
N zwischen Hamburg und Kiel Neumünster
69%
R am Nord-Ostsee-Kanal Rendsburg
64%
I im Kreis Steinburg Itzehoe
62%
T grenzt an Berlin Teltow
57%
U im Nordosten von Niedersachsen Uelzen
57%
E an der Ostsee bei Kiel Eckernförde
55%
Q zwischen K und P Quickborn
55%
A grenzt an Hamburg Ahrensburg
48%
O zwischen Bremen und Bremerhaven Osterholz-Scharmbeck
43%
V am Jadebusen Varel
43%
B Kurort zwischen Hamburg und Lübeck Bad Oldesloe
40%
S zwischen E und H Schleswig
38%
J grenzt an Mönchengladbach Jüchen
19%
Z im selben Landkreis wie T Zossen
19%
K zwischen Hamburg und Kiel Kaltenkirchen
17%
M in Ostfriesland Moormerland
14%
Keine übereinstimmenden Quizze gefunden
Verteilung der Resultate
Anzahl Personen mit jedem Resultat
Perzentil nach korrekt beantworteten Fragen
Ihre Resultats-Entwicklung
Sie haben dieses Quiz noch nicht gespielt